WNBA Champions - Statistics

General Stats
  • This quiz has been taken 118 times
  • The average score is 17 of 24
Answer Stats
Year Champion % Correct
2020 Seattle Storm
88%
2018 Seattle Storm
88%
2010 Seattle Storm
88%
2004 Seattle Storm
88%
2016 Los Angeles Sparks
85%
2002 Los Angeles Sparks
85%
2001 Los Angeles Sparks
85%
2017 Minnesota Lynx
84%
2015 Minnesota Lynx
84%
2013 Minnesota Lynx
84%
2011 Minnesota Lynx
84%
2019 Washington Mystics
77%
2014 Phoenix Mercury
73%
2009 Phoenix Mercury
73%
2007 Phoenix Mercury
73%
2012 Indiana Fever
70%
2000 Houston Comets
63%
1999 Houston Comets
63%
1998 Houston Comets
63%
1997 Houston Comets
63%
2008 Detroit Shock
46%
2006 Detroit Shock
46%
2005 Sacramento Monarchs
41%
2003 Detriot Shock
3%
No matching quizzes found
Score Distribution
Percent of People with Each Score
Percentile by Number Answered
Your Score History
You have not taken this quiz